000
00280nam a2200097Ia 4500
008
220204s9999 xx 000 0 und d
082
_a
378(035)(540)
_b
UNI
245
0
_a
Universities handbook India. 1975
260
_a
New Delhi
_b
Association of Indian Universities
_c
1975
942
_c
BK
999
_c
24106
_d
24106